| 000 | 00494nam a22001817a 4500 | ||
|---|---|---|---|
| 003 | CEME | ||
| 005 | 20210628205515.0 | ||
| 008 | 210305b xxu||||| |||| 00| 0 eng d | ||
| 020 | _a0-201-56943-4 | ||
| 040 | _c. | ||
| 082 | _a621.399 HAR'C | ||
| 100 |
_aShapiro, Linda G Haralick, Robert M _975825 |
||
| 245 | _aComputer and robot vision | ||
| 260 |
_aNEWYORK _bADDISON WESLEY _c1993 |
||
| 300 | _a630P | ||
| 650 |
_aCOMPUTER VISION ROBOT VISION IMAGE PROCSSING _975826 |
||
| 942 |
_cBK _2ddc |
||
| 999 |
_c581241 _d581241 |
||